| 000 | 01554cam a22003374a 4500 | ||
|---|---|---|---|
| 090 | _c0 | ||
| 001 | 12816206 | ||
| 005 | 20060728200846.0 | ||
| 008 | 020613s2003 flua bf 001 0 eng | ||
| 010 | _a 2002073628 | ||
| 020 | _a0849335124 (alk. paper) | ||
| 040 |
_aDLC _cDLC _dDLC |
||
| 042 | _apcc | ||
| 050 | 0 | 0 |
_aQC374 _b.W43 2003 |
| 082 | 0 | 0 |
_a621.36 _221 _bWEB |
| 100 | 1 |
_aWeber, Marvin J., _d1932- |
|
| 245 | 1 | 0 |
_aHandbook of optical materials / _cMarvin J. Weber. |
| 260 |
_aBoca Raton : _bCRC Press, _cc2003. |
||
| 300 |
_a512 p. : _bill. ; _c26 cm. |
||
| 440 | 4 | _aThe CRC Press laser and optical science and technology series | |
| 504 | _aIncludes bibliographical references and index. | ||
| 650 | 0 |
_aOptical materials _vHandbooks, manuals, etc. |
|
| 650 | 0 |
_aLasers _vHandbooks, manuals, etc. |
|
| 650 | 0 |
_aElectrooptics _vHandbooks, manuals, etc. |
|
| 856 | 4 | 2 |
_3Publisher description _uhttp://www.loc.gov/catdir/enhancements/fy0646/2002073628-d.html |
| 856 | 4 | 2 |
_3Book review (E-STREAMS) _uhttp://www.e-streams.com/es0610/es0610_2817.html |
| 942 |
_2ddc _cNB |
||
| 999 |
_c10393 _d10393 |
||